00709nam a2200205 a 450000100100000000500170001000800410002702000150006804000250008308200150010810000430012324500850016626000410025130000210029249000220031383000290033504900090036495201130037399900170048600002516820200930023613.0110208s1998 ck r 000 | spa d a9588017343 aDO-SdBNPbspacBNPHU axxxbB932t1 aBuitrago Mojíca, José Sixto95163210aTodos los secretos de la excelencia en ventas /cJosé Sixto Buitrago Mojíca. aSantafé de Bogotá :b3R ,c1998. a184 p. ;c23 cm.1 aTemas Prácticos 0aTemas Prácticos951633 aBNGR 001050718MOaGRbGRcCTd2011-02-10iLF1l0oxxx B932tp25168-10r2020-06-25w2020-06-25y1ZNo se presta c24661d24661